[Event "HUN-chT2 Maroczy 1516"]
[Site "Hungary"]
[Date "2016.02.28"]
[Round "6.10"]
[White "Lovas, Zsolt"]
[Black "Palvolgyi, Istvan"]
[Result "1/2-1/2"]
[WhiteElo "2016"]
[BlackElo "1950"]
[PlyCount "54"]
[EventDate "2015.10.18"]
[EventType "team-tourn"]
[EventRounds "9"]
[EventCountry "HUN"]
[SourceTitle "EXT 2017"]
[Source "ChessBase"]
[SourceDate "2016.10.25"]
[SourceVersion "1"]
[SourceVersionDate "2016.10.25"]
[SourceQuality "1"]
[WhiteTeam "Penzugyor"]
[BlackTeam "Dunaharaszti II"]
[WhiteTeamCountry "HUN"]
[BlackTeamCountry "HUN"]

1. e4 e5 2. Nf3 d6 3. Nc3 Nf6 4. h3 Be7 5. d4 Nbd7 6. Bc4 0-0 7. 0-0 c6 8. a3 Nxe4 9. Nxe4 d5 10. Ned2 e4 11. Be2 exf3 12. Nxf3 Bd6 13. c4 dxc4 14. Bxc4 Nb6 15. Bd3 g6 16. Re1 Re8 17. Bg5 Rxe1+ 18. Qxe1 f6 19. Bd2 Bd7 20. Qe2 Qf8 21. Re1 Re8 22. Qd1 Rxe1+ 23. Qxe1 Qe8 24. Qxe8+ Bxe8 25. g3 Bf7 26. Ne1 Bc4 27. Bc2 Kf7 1/2-1/2

[Event "Budapest Art Pub Cup 3rd"]
[Site "Budapest"]
[Date "2014.01.05"]
[Round "6"]
[White "Palvolgyi, Istvan"]
[Black "Vargyas, Zoltan"]
[Result "0-1"]
[WhiteElo "2038"]
[BlackElo "2129"]
[PlyCount "82"]
[EventDate "2014.01.02"]
[EventType "swiss"]
[EventRounds "7"]
[EventCountry "HUN"]
[SourceTitle "CBM 158 Extra"]
[Source "ChessBase"]
[SourceDate "2014.02.28"]
[SourceVersion "1"]
[SourceVersionDate "2014.02.28"]
[SourceQuality "1"]

1. e4 e6 2. Qe2 Be7 3. Nf3 d5 4. exd5 exd5 5. d4 Nf6 6. Be3 0-0 7. Nc3 c6 8. h3 Re8 9. Qd3 b5 10. a3 Nbd7 11. Be2 Nb6 12. b3 Ne4 13. Nd2 Bxa3 14. Ncxe4 dxe4 15. Qc3 Qd6 16. Bf4 Bb4 17. Bxd6 Bxc3 18. Ra2 Nd5 19. Bc5 a5 20. Kd1 e3 21. fxe3 Nxe3+ 22. Kc1 Nf1 23. Rxf1 Rxe2 24. Nf3 Rxg2 25. Ne5 Be6 26. Nxc6 Bxb3 27. Ra3 Rxc2+ 28. Kb1 a4 29. d5 Bb2 30. Nd4 Bxa3 31. Bxa3 Rd2 32. Nc6 Bxd5 33. Ne7+ Kh8 34. Bc1 Ba2+ 35. Ka1 Re2 36. Nf5 Be6 37. Nd4 Ra2+ 38. Kb1 Bc4 39. Rg1 Rh2 40. h4 Rxh4 41. Nf5 Bd3+ 0-1

[Event "Budapest Art Pub Cup 3rd"]
[Site "Budapest"]
[Date "2014.01.03"]
[Round "2"]
[White "Radnai, Adam"]
[Black "Palvolgyi, Istvan"]
[Result "1/2-1/2"]
[WhiteElo "2339"]
[BlackElo "2038"]
[PlyCount "141"]
[EventDate "2014.01.02"]
[EventType "swiss"]
[EventRounds "7"]
[EventCountry "HUN"]
[SourceTitle "CBM 158 Extra"]
[Source "ChessBase"]
[SourceDate "2014.02.28"]
[SourceVersion "1"]
[SourceVersionDate "2014.02.28"]
[SourceQuality "1"]

1. d4 Nf6 2. c4 g6 3. Nc3 Bg7 4. e4 d6 5. Be2 e5 6. dxe5 dxe5 7. Qxd8+ Kxd8 8. Nf3 Nbd7 9. 0-0 c6 10. Ng5 Ke8 11. f4 h6 12. Nf3 exf4 13. Bxf4 Nh5 14. Bd6 Bf8 15. e5 Nf4 16. Bd1 Nc5 17. Nd2 Nfd3 18. Rb1 Be6 19. Be2 Bxd6 20. exd6 Ne5 21. b4 Ncd7 22. Rfe1 Kf8 23. Bf1 Kg7 24. h3 Rhe8 25. Nce4 b6 26. a3 f5 27. Nf2 Nf7 28. Nf3 c5 29. Rbd1 Rad8 30. Rd2 Nf6 31. bxc5 bxc5 32. Ne5 Rxd6 33. Rxd6 Nxd6 34. Rd1 Nfe4 35. Nxe4 Nxe4 36. Nc6 a6 37. Bd3 Bf7 38. Bf1 Kf6 39. Rd7 Re6 40. Na5 Rd6 41. Rxd6+ Nxd6 42. Kf2 Ke5 43. Ke3 f4+ 44. Kd2 Be8 45. Bd3 g5 46. Bh7 h5 47. Kd3 g4 48. hxg4 hxg4 49. Nb3 Bc6 50. Nxc5 Bxg2 51. Nd7+ Ke6 52. Nc5+ Kf6 53. Nxa6 Nxc4 54. Nc5 Nxa3 55. Ke2 Nc4 56. Kf2 Bc6 57. Ke2 Ne5 58. Bc2 Kg5 59. Ne6+ Kh4 60. Nxf4 Kg3 61. Nh5+ Kh4 62. Nf4 g3 63. Kf1 Ng4 64. Kg1 Nh2 65. Bd1 Nf3+ 66. Bxf3 Bxf3 67. Ng2+ Kg4 68. Ne3+ Kf4 69. Nf1 g2 70. Kf2 gxf1Q+ 71. Kxf1 1/2-1/2

[Event "HUN-chT2 Erkel 1314"]
[Site "Hungary"]
[Date "2013.09.08"]
[Round "1.8"]
[White "Szarvas, Sandor"]
[Black "Palvolgyi, Istvan"]
[Result "1/2-1/2"]
[WhiteElo "1966"]
[BlackElo "2048"]
[PlyCount "39"]
[EventDate "2013.09.08"]
[EventType "team-tourn"]
[EventRounds "11"]
[EventCountry "HUN"]
[SourceTitle "EXT 2016"]
[Source "ChessBase"]
[SourceDate "2015.10.08"]
[SourceVersion "1"]
[SourceVersionDate "2015.10.08"]
[SourceQuality "1"]
[WhiteTeam "Andornaktalya"]
[BlackTeam "Dunaharaszti II"]
[WhiteTeamCountry "HUN"]
[BlackTeamCountry "HUN"]

1. c4 Nf6 2. d4 g6 3. Nc3 Bg7 4. e4 d6 5. f3 e5 6. d5 Nh5 7. Be3 0-0 8. Qd2 f5 9. 0-0-0 Nd7 10. Bd3 f4 11. Bf2 Rf7 12. Kb1 a6 13. Nge2 Rb8 14. Nc1 Nc5 15. b4 Nxd3 16. Nxd3 Bd7 17. Rc1 Bf8 18. Rc2 Ng7 19. Rb2 Ne8 20. Rg1 1/2-1/2

[Event "HUN-chT2 Erkel 1112"]
[Site "Hungary"]
[Date "2011.11.13"]
[Round "3.6"]
[White "Palvolgyi, Istvan"]
[Black "Kiss, Pal Vac"]
[Result "1-0"]
[WhiteElo "2116"]
[BlackElo "2019"]
[PlyCount "69"]
[EventDate "2011.09.25"]
[EventType "team-tourn"]
[EventRounds "11"]
[EventCountry "HUN"]
[SourceTitle "EXT 2013"]
[Source "ChessBase"]
[SourceDate "2012.11.22"]
[SourceVersion "1"]
[SourceVersionDate "2012.11.22"]
[SourceQuality "1"]
[WhiteTeam "Dunaharaszti"]
[BlackTeam "Vaci"]
[WhiteTeamCountry "HUN"]
[BlackTeamCountry "HUN"]

1. e4 d6 2. d4 Nf6 3. Nc3 g6 4. f4 Bg7 5. Nf3 0-0 6. Bd3 c5 7. dxc5 dxc5 8. 0-0 Nc6 9. Kh1 Nb4 10. Qe2 Nxd3 11. cxd3 b6 12. Be3 Ba6 13. Rfd1 Rc8 14. Rac1 e6 15. h3 Nh5 16. Kh2 e5 17. fxe5 Bxe5+ 18. Nxe5 Qd6 19. Kg1 Qxe5 20. Qf2 f5 21. Bh6 Rf7 22. d4 Qe6 23. e5 Rd7 24. Qe3 cxd4 25. Rxd4 Rcd8 26. Rcd1 Rxd4 27. Rxd4 Rxd4 28. Qxd4 Ng7 29. Qd8+ Ne8 30. Qb8 Qc8 31. Qxa7 Qc5+ 32. Kh1 Nc7 33. e6 Qe7 34. Bf4 Nd5 35. Qb8+ 1-0

[Event "HUN-chT2 Erkel 1011"]
[Site "Hungary"]
[Date "2010.10.10"]
[Round "3.4"]
[White "Palvolgyi, Istvan"]
[Black "Egyed, Andras"]
[Result "0-1"]
[WhiteElo "2156"]
[BlackElo "2297"]
[PlyCount "76"]
[EventDate "2010.09.12"]
[EventType "team-tourn"]
[EventRounds "11"]
[EventCountry "HUN"]
[SourceTitle "EXT 2012"]
[Source "ChessBase"]
[SourceDate "2011.11.24"]
[SourceVersion "1"]
[SourceVersionDate "2011.11.24"]
[SourceQuality "1"]
[WhiteTeam "Dunaharaszti II"]
[BlackTeam "Paszto"]
[WhiteTeamCountry "HUN"]
[BlackTeamCountry "HUN"]

1. e4 c5 2. Nf3 Nc6 3. Bb5 g6 4. 0-0 Bg7 5. c3 e5 6. Re1 Nge7 7. d3 0-0 8. Be3 d6 9. Qd2 Bg4 10. Ng5 h6 11. h3 Bd7 12. Nf3 Kh7 13. Nh2 b6 14. Na3 d5 15. Qe2 a6 16. Ba4 d4 17. cxd4 Nxd4 18. Bxd4 Bxa4 19. Bc3 Bd7 20. b4 cxb4 21. Bxb4 a5 22. Bxe7 Qxe7 23. Qb2 Rfb8 24. Nb5 Qc5 25. a4 Bxb5 26. axb5 Rc8 27. Rec1 Qd6 28. Qb3 Qd7 29. Ng4 Rxc1+ 30. Rxc1 a4 31. Qc4 Ra7 32. Ne3 Bf8 33. Nd5 Qe6 34. Qa2 Bc5 35. Rc4 a3 36. Kf1 Kg7 37. Rc3 Qd7 38. Rb3 Ra5 0-1

[Event "HUN-chT2 Erkel 1011"]
[Site "Hungary"]
[Date "2010.09.26"]
[Round "2.4"]
[White "Pal, Imre"]
[Black "Palvolgyi, Istvan"]
[Result "1-0"]
[WhiteElo "2136"]
[BlackElo "2156"]
[PlyCount "55"]
[EventDate "2010.09.12"]
[EventType "team-tourn"]
[EventRounds "11"]
[EventCountry "HUN"]
[SourceTitle "EXT 2012"]
[Source "ChessBase"]
[SourceDate "2011.11.24"]
[SourceVersion "1"]
[SourceVersionDate "2011.11.24"]
[SourceQuality "1"]
[WhiteTeam "Toth Laszlo"]
[BlackTeam "Dunaharaszti II"]
[WhiteTeamCountry "HUN"]
[BlackTeamCountry "HUN"]

1. e4 e5 2. Nf3 d6 3. d4 Nd7 4. Bc4 c6 5. a4 Be7 6. 0-0 Ngf6 7. Nc3 0-0 8. dxe5 dxe5 9. Qe2 Qc7 10. h3 a5 11. Nh4 Re8 12. Nf5 Bf8 13. Qf3 Nb6 14. Bb3 Be6 15. Bg5 Nfd7 16. Qg4 Kh8 17. Bxe6 Rxe6 18. Rad1 Rg6 19. Qh4 f6 20. Be3 Nc4 21. Bc1 Nc5 22. Qh5 Nd6 23. Nh4 Rg5 24. Bxg5 fxg5 25. Qxg5 Ndxe4 26. Nxe4 Nxe4 27. Ng6+ hxg6 28. Qh4+ 1-0

[Event "HUN-chT2 Erkel 0910"]
[Site "Hungary"]
[Date "2010.05.02"]
[Round "11.5"]
[White "Bohati, Tamas"]
[Black "Palvolgyi, Istvan"]
[Result "0-1"]
[WhiteElo "1971"]
[BlackElo "2187"]
[PlyCount "128"]
[EventDate "2009.11.08"]
[EventType "team-tourn"]
[EventRounds "11"]
[EventCountry "HUN"]
[SourceTitle "EXT 2011"]
[Source "ChessBase"]
[SourceDate "2010.11.26"]
[SourceVersion "1"]
[SourceVersionDate "2010.11.26"]
[SourceQuality "1"]
[WhiteTeam "Paszto"]
[BlackTeam "Dunaharaszti"]
[WhiteTeamCountry "HUN"]
[BlackTeamCountry "HUN"]

1. d4 Nf6 2. c4 g6 3. Nc3 Bg7 4. e4 d6 5. Nf3 0-0 6. h3 e5 7. d5 c6 8. Bg5 h6 9. Be3 cxd5 10. cxd5 Kh7 11. Qd2 Nh5 12. g4 Nf4 13. Bxf4 exf4 14. Qxf4 Qb6 15. Qd2 Nd7 16. Na4 Qd8 17. 0-0-0 a6 18. Kb1 b5 19. Nc3 Nc5 20. Bd3 Qf6 21. Qe3 b4 22. e5 Qd8 23. Ne2 Nxd3 24. Rxd3 dxe5 25. Ng3 Re8 26. Qe4 Bd7 27. h4 Kg8 28. Nd2 Rc8 29. Rf3 Rf8 30. h5 Qg5 31. Nb3 Bxg4 32. Re3 f5 33. Qxb4 f4 34. Ne4 Bf5 35. Ree1 Bxe4+ 36. Rxe4 Qg2 37. Qe1 g5 38. Na5 Qf3 39. Nc6 Rfe8 40. Kc2 Kh8 41. Rh2 Qg4 42. Qd1 Qd7 43. f3 g4 44. Rd2 g3 45. Qh1 Bf6 46. Kd1 Rc7 47. Ke2 Rg8 48. Kd1 Qf5 49. Rc4 g2 50. Qg1 Qxh5 51. Ke2 Rg3 52. Rd3 Qf7 53. Rd1 h5 54. Qh2 h4 55. b3 h3 56. d6 Rd7 57. Nb8 Rd8 58. Nc6 Rdg8 59. Rg1 Qd7 60. Ne7 Bxe7 61. dxe7 Qxe7 62. Rc6 Qd7 63. Rh6+ Kg7 64. Rb6 Rd8 0-1

[Event "HUN-chT2 Erkel 0708"]
[Site "Hungary"]
[Date "2008.03.30"]
[Round "9"]
[White "Csoke, Krisztian"]
[Black "Palvolgyi, Istvan"]
[Result "0-1"]
[WhiteElo "2265"]
[BlackElo "2175"]
[PlyCount "134"]
[EventDate "2007.10.14"]
[EventType "team"]
[EventRounds "11"]
[EventCountry "HUN"]
[SourceTitle "EXT 2009"]
[Source "ChessBase"]
[SourceDate "2008.11.26"]
[SourceVersion "1"]
[SourceVersionDate "2008.11.26"]
[SourceQuality "1"]
[WhiteTeam "Keviterv"]
[BlackTeam "Dunaharaszti II"]
[WhiteTeamCountry "HUN"]
[BlackTeamCountry "HUN"]

1. e4 e5 2. Nf3 d6 3. c3 Be7 4. d4 Nf6 5. Qc2 Nbd7 6. Bd3 c6 7. 0-0 0-0 8. h3 Qc7 9. Re1 Re8 10. Nbd2 Nf8 11. Nf1 Ng6 12. Ng3 h6 13. Bd2 Nh7 14. Nf5 Bf8 15. N3h4 Qd8 16. Nxg6 fxg6 17. Ng3 Be6 18. Nf1 Qh4 19. Nh2 Ng5 20. Re3 Be7 21. Rg3 Rf8 22. Bxg5 hxg5 23. Qe2 Rf4 24. Nf3 Qh5 25. Nxg5 Qxe2 26. Bxe2 Bxg5 27. Rxg5 exd4 28. Rxg6 Bf7 29. Rg4 Rxg4 30. Bxg4 dxc3 31. bxc3 Re8 32. f3 Re5 33. a4 Ra5 34. Rd1 d5 35. Bc8 b6 36. Bd7 Rc5 37. Rd3 dxe4 38. fxe4 Bb3 39. e5 Kf7 40. Bg4 Rxe5 41. Rd7+ Re7 42. Bh5+ Kf6 43. Rd6+ Ke5 44. Rxc6 Bxa4 45. Rc4 Bb3 46. Rb4 Bd5 47. Kf2 Rc7 48. Ra4 a5 49. Ra3 Kd6 50. g3 Kc5 51. Be2 Re7 52. h4 Bc4 53. Bf3 Ra7 54. Ke3 a4 55. g4 Bb3 56. Be2 Re7+ 57. Kd2 b5 58. g5 b4 59. cxb4+ Kxb4 60. Ra1 a3 61. h5 a2 62. h6 gxh6 63. gxh6 Ka3 64. Bd3 Bg8 65. Rc1 Rd7 66. Rc3+ Kb4 67. Rc8 a1Q 0-1

[Event "HUN-chT2 Erkel 0607"]
[Site "Hungary"]
[Date "2007.04.29"]
[Round "9"]
[White "Dostan, Janos"]
[Black "Palvolgyi, Istvan"]
[Result "1/2-1/2"]
[WhiteElo "2315"]
[BlackElo "2212"]
[PlyCount "81"]
[EventDate "2006.11.12"]
[EventType "team"]
[EventRounds "11"]
[EventCountry "HUN"]
[SourceTitle "EXT 2008"]
[Source "ChessBase"]
[SourceDate "2007.11.25"]
[SourceVersion "1"]
[SourceVersionDate "2007.11.25"]
[SourceQuality "1"]
[WhiteTeam "Ujszasz"]
[BlackTeam "Dunaharaszti II"]
[WhiteTeamCountry "HUN"]
[BlackTeamCountry "HUN"]

1. e4 e5 2. Nf3 Nc6 3. Be2 Nf6 4. d3 Bc5 5. 0-0 d6 6. c3 a6 7. b4 Ba7 8. Nbd2 0-0 9. Nc4 h6 10. a3 d5 11. Ncd2 Qe7 12. Qc2 dxe4 13. dxe4 Nh5 14. Nc4 Nf4 15. Ne3 Be6 16. Re1 Nxe2+ 17. Qxe2 Bxe3 18. Bxe3 Rfd8 19. h3 Qf6 20. Kh2 Ne7 21. Red1 Ng6 22. Rxd8+ Rxd8 23. Rd1 Bb3 24. Rxd8+ Qxd8 25. c4 Bd1 26. Qd2 Qxd2 27. Nxd2 Kf8 28. g3 Bc2 29. Kg2 Ke7 30. f3 Ke6 31. h4 h5 32. Kf2 f5 33. exf5+ Kxf5 34. Ba7 Nf8 35. Nf1 Bd3 36. Ne3+ Ke6 37. g4 g6 38. Ke1 Nd7 39. Kd2 Bb1 40. Kc1 Bd3 41. Kd2 1/2-1/2

[Event "HUN-chT2 Maroczy 0607"]
[Site "Hungary"]
[Date "2007.02.18"]
[Round "5"]
[White "Palvolgyi, Istvan"]
[Black "Horvath, Zoltan2222"]
[Result "1/2-1/2"]
[WhiteElo "2201"]
[BlackElo "2111"]
[PlyCount "36"]
[EventDate "2006.11.12"]
[EventType "team"]
[EventRounds "11"]
[EventCountry "HUN"]
[SourceTitle "EXT 2008"]
[Source "ChessBase"]
[SourceDate "2007.11.25"]
[SourceVersion "1"]
[SourceVersionDate "2007.11.25"]
[SourceQuality "1"]
[WhiteTeam "Dunaharaszti"]
[BlackTeam "Matra"]
[WhiteTeamCountry "HUN"]
[BlackTeamCountry "HUN"]

1. e4 b6 2. Nf3 Bb7 3. d3 e6 4. Be2 d5 5. Nbd2 c5 6. 0-0 Nf6 7. e5 Nfd7 8. Re1 Nc6 9. Bf1 Be7 10. g3 Qc7 11. Qe2 h5 12. h4 0-0-0 13. Bg2 Rdg8 14. Nf1 Nd8 15. Bf4 Nf8 16. c3 Ng6 17. d4 Nxf4 18. gxf4 g6 1/2-1/2

[Event "HUN-chT2 Maroczy 0506"]
[Site "Hungary"]
[Date "2006.02.26"]
[Round "8"]
[White "Palvolgyi, Istvan"]
[Black "Cselenyi, Balazs"]
[Result "1/2-1/2"]
[WhiteElo "2212"]
[BlackElo "2087"]
[PlyCount "49"]
[EventDate "2005.10.16"]
[EventType "team"]
[EventRounds "11"]
[EventCountry "HUN"]
[SourceTitle "EXT 2009"]
[Source "ChessBase"]
[SourceDate "2008.11.26"]
[SourceVersion "1"]
[SourceVersionDate "2008.11.26"]
[SourceQuality "1"]
[WhiteTeam "Dunaharaszti"]
[BlackTeam "Miskolc EMSE"]
[WhiteTeamCountry "HUN"]
[BlackTeamCountry "HUN"]

1. e4 c5 2. Nf3 a6 3. d3 d6 4. g3 Nc6 5. Bg2 g6 6. 0-0 Bg7 7. c3 Nf6 8. Re1 0-0 9. h3 Rb8 10. a4 Bd7 11. d4 cxd4 12. cxd4 b5 13. axb5 axb5 14. e5 Ne8 15. Bf4 dxe5 16. dxe5 Be6 17. Nc3 Nc7 18. Qxd8 Rfxd8 19. Ng5 Nd4 20. Ra7 Rbc8 21. Rb7 Bc4 22. Nf3 Nce6 23. Nxd4 Nxf4 24. Ndxb5 Nd3 25. Re3 1/2-1/2

[Event "HUN-chT2 Maroczy 0405"]
[Site "Hungary"]
[Date "2005.02.20"]
[Round "8"]
[White "Pal, Geza"]
[Black "Palvolgyi, Istvan"]
[Result "1/2-1/2"]
[WhiteElo "2248"]
[BlackElo "2209"]
[PlyCount "118"]
[EventDate "2004.09.26"]
[EventType "team"]
[EventRounds "11"]
[EventCountry "HUN"]
[SourceTitle "EXT 2008"]
[Source "ChessBase"]
[SourceDate "2007.11.25"]
[SourceVersion "1"]
[SourceVersionDate "2007.11.25"]
[SourceQuality "1"]
[WhiteTeam "Penzugyor"]
[BlackTeam "Dunaharaszti"]
[WhiteTeamCountry "HUN"]
[BlackTeamCountry "HUN"]

1. Nf3 Nf6 2. d4 g6 3. g3 Bg7 4. Bg2 0-0 5. c4 d6 6. Nc3 Nbd7 7. 0-0 c6 8. Qc2 Qc7 9. b3 Re8 10. Bb2 e5 11. e3 h6 12. Rac1 Nh7 13. dxe5 dxe5 14. Rfd1 Bf8 15. Rd2 Ndf6 16. Rcd1 Bf5 17. e4 Bg4 18. h3 Bxf3 19. Bxf3 Rad8 20. Bg2 Rxd2 21. Qxd2 Ng5 22. Qc2 Ne6 23. Na4 Nd7 24. Bc3 Ndc5 25. Nxc5 Bxc5 26. Rd3 Bd4 27. Bxd4 Nxd4 28. Qd2 Kg7 29. f4 c5 30. Kh2 f6 31. Qf2 a6 32. Rd1 Ra8 33. h4 b6 34. f5 g5 35. Bf3 Qf7 36. Be2 a5 37. Rb1 h5 38. hxg5 fxg5 39. Qe3 Kf6 40. Kg2 Rh8 41. Rh1 h4 42. Bd1 Qh7 43. Rh2 Qb7 44. Kg1 Qg7 45. Rh3 Rh6 46. Kg2 Qh8 47. Bg4 hxg3 48. Rxh6+ Qxh6 49. Qxg3 Nc2 50. Bd1 Nd4 51. Qg4 Qh8 52. Qh5 Qxh5 53. Bxh5 Nc2 54. Kf2 Nb4 55. a4 Nc2 56. Bd1 Nb4 57. Ke3 Nc6 58. Kf3 Ne7 59. Kg4 Nc6 1/2-1/2

[Event "HUN-chT2 Maroczy 0405"]
[Site "Hungary"]
[Date "2004.10.10"]
[Round "2"]
[White "Palvolgyi, Istvan"]
[Black "Kosa, Peter"]
[Result "1-0"]
[WhiteElo "2209"]
[BlackElo "2132"]
[PlyCount "39"]
[EventDate "2004.09.26"]
[EventType "team"]
[EventRounds "11"]
[EventCountry "HUN"]
[SourceTitle "EXT 2008"]
[Source "ChessBase"]
[SourceDate "2007.11.25"]
[SourceVersion "1"]
[SourceVersionDate "2007.11.25"]
[SourceQuality "1"]
[WhiteTeam "Dunaharaszti"]
[BlackTeam "Biogal"]
[WhiteTeamCountry "HUN"]
[BlackTeamCountry "HUN"]

1. e4 c5 2. Nf3 Nc6 3. d4 cxd4 4. Nxd4 Nf6 5. Nc3 e5 6. Ndb5 d6 7. a4 Be6 8. Nd5 Rc8 9. Bg5 Bxd5 10. exd5 Nb4 11. Bxf6 gxf6 12. c3 Na6 13. Nxa7 Ra8 14. Bb5+ Ke7 15. Bxa6 Rxa7 16. Bd3 Qd7 17. 0-0 f5 18. Qh5 e4 19. Bb5 Qc8 20. f3 1-0

[Event "HUN-chT2 Maroczy 0405"]
[Site "Hungary"]
[Date "2004.09.26"]
[Round "1"]
[White "Antal, Agnes"]
[Black "Palvolgyi, Istvan"]
[Result "0-1"]
[WhiteElo "2077"]
[BlackElo "2209"]
[PlyCount "110"]
[EventDate "2004.09.26"]
[EventType "team"]
[EventRounds "11"]
[EventCountry "HUN"]
[SourceTitle "EXT 2008"]
[Source "ChessBase"]
[SourceDate "2007.11.25"]
[SourceVersion "1"]
[SourceVersionDate "2007.11.25"]
[SourceQuality "1"]
[WhiteTeam "BEAC II"]
[BlackTeam "Dunaharaszti"]
[WhiteTeamCountry "HUN"]
[BlackTeamCountry "HUN"]

1. e4 e5 2. Nf3 Nc6 3. d4 exd4 4. Nxd4 Qf6 5. Be3 Bc5 6. c3 Nge7 7. Bc4 d6 8. 0-0 Ne5 9. Be2 N7c6 10. Nb5 Qe7 11. Bxc5 dxc5 12. c4 a6 13. N5c3 Nd4 14. Nd5 Qd8 15. b4 Nxe2+ 16. Qxe2 c6 17. Ne3 cxb4 18. f4 Qd4 19. Nd2 Ng4 20. Rfe1 0-0 21. Nb3 Qxe3+ 22. Qxe3 Nxe3 23. Rxe3 a5 24. Rd1 Be6 25. c5 a4 26. Nc1 Ra5 27. Nd3 Rb5 28. Rb1 Bxa2 29. Rxb4 Rxb4 30. Nxb4 Bc4 31. Rc3 Bb3 32. Rd3 Rb8 33. Kf2 Kf8 34. Ke3 Ke7 35. Rc3 f6 36. Nc2 Ra8 37. Na3 Rd8 38. Rc1 Kd7 39. Nc4 Bxc4 40. Rxc4 Ra8 41. Rc2 Kc7 42. Ra2 a3 43. g4 b5 44. cxb6+ Kxb6 45. e5 fxe5 46. fxe5 Ra4 47. e6 Kc7 48. Rd2 a2 49. e7 Re4+ 50. Kxe4 a1Q 51. e8N+ Kb6 52. Nd6 c5 53. Kd5 Qh1+ 54. Kc4 Kc6 55. Nf5 Qe4+ 0-1

[Event "HUN-chT2 Maroczy 0304"]
[Site "Hungary"]
[Date "2004.02.08"]
[Round "7"]
[White "Palvolgyi, Istvan"]
[Black "Kis, Jozsef"]
[Result "1-0"]
[WhiteElo "2207"]
[BlackElo "2149"]
[PlyCount "51"]
[EventDate "2003.09.28"]
[EventType "team"]
[EventRounds "11"]
[EventCountry "HUN"]
[SourceTitle "EXT 2005"]
[Source "ChessBase"]
[SourceDate "2004.11.15"]
[SourceVersion "1"]
[SourceVersionDate "2004.11.15"]
[SourceQuality "1"]

1. e4 g6 2. d4 Bg7 3. f4 d5 4. e5 h5 5. Nf3 Nh6 6. Be3 Bg4 7. Bd3 Bxf3 8. Qxf3 Ng4 9. Bg1 e6 10. Nd2 a5 11. h3 Nh6 12. g4 c5 13. dxc5 Nc6 14. 0-0-0 Qc7 15. Kb1 a4 16. a3 g5 17. fxg5 Qxe5 18. c3 Qxg5 19. Be3 Qe7 20. Qe2 Kf8 21. Rhg1 hxg4 22. hxg4 d4 23. cxd4 Nxd4 24. Qf2 Rd8 25. Ne4 Kg8 26. Bg5 1-0